000 00895nam a2200253 a 4500
001 000025361
003 OSt
005 20240412074251.0
008 110215s1989 dr 000 p spa d
040 _aDO-SdBNP
_bspa
_cBNPHU
082 4 _aRD861.44
_bO64o
_222
100 1 _aOrbe, Antonio del
_951935
245 1 0 _aOfensiva de primavera /
_cAntonio del Orbe ; prólogo Mariano Lebrón Saviñon ; epílogo Antonio Fernández Spencer.
260 _aSanto Domingo :
_bCorripio,
_c1989.
300 _a166 p. ;
_c24 cm.
500 _aIncluye datos biográficos del autor en la solapa de la cubierta.
590 _aInventariado, 2021 / DG
650 0 _aPoesía dominicana
_966
650 0 _aLiteratura dominicana.
_967
700 1 _aLebrón Saviñon,
_epról.
_951936
700 1 _aFernández Spencer, Antonio,
_d1922-1995
_922525
910 _aValidado. Control de calidad MFF
942 _2ddc
_cLBS1
999 _c24853
_d24853